000
00323nam a2200145Ia 4500
008
150301s2013 xx 000 0 und d
082
_a
344.04
_b
M13G
100
_a
GOEL, RN.
245
_a
MANUAL ON DOCTORS AND LAW
250
_a
1ST
260
_b
JAYPEE
_a
DELHI
_c
2013
300
_a
323
650
_a
LAW
942
_2
ddc
_c
BK
999
_c
6625
_d
6625